All active secessionist movements on a map - Statistics

General Stats
  • This quiz has been taken 1,654 times
  • The average score is 160 of 436
Answers on the Map
Answers color-coded by a green-red scale on the quiz's map according to % correct below.
 
Answer Stats
Country % Correct
South Island
86%
Texas
86%
Wa
86%
California
84%
North Island
84%
Scotland
83%
Wales
82%
United States
81%
Ireland
80%
Alaska
78%
East Canada
78%
Quebec
78%
England
77%
France
77%
Catalonia
75%
Mon
75%
Russia
75%
Mexico
74%
Greenland
73%
Northwest American Republic
73%
China
72%
Denmark
72%
Germany
72%
Bavaria
71%
Brazil
71%
Iceland
71%
Tibet
71%
Ukraine
71%
Poland
70%
Portugal
70%
Sicily
70%
Sweden
70%
Turkey
70%
Brittany
69%
Egypt
69%
Finland
69%
India
69%
Japan
69%
Norway
69%
Australia
68%
Greece
68%
Basque Country
67%
Iran
67%
Netherlands
67%
Corsica
66%
Cuba
66%
Kosovo
66%
Kurdistan
66%
Peru
66%
Sardinia
66%
Serbia
66%
Austria
65%
Belarus
65%
Chile
65%
Colombia
65%
Estonia
65%
Latvia
65%
Lithuania
65%
Mongolia
65%
Palestine
65%
Romania
65%
Bosnia
64%
Bulgaria
64%
Czechia
64%
Dominican Republic
64%
Flanders
64%
Hungary
64%
Iraq
64%
Kazakhstan
64%
Moldova
64%
North Korea
64%
South Korea
64%
Sudan
64%
Switzerland
64%
Venezuela
64%
Equador
63%
Haiti
63%
Indonesia
63%
Israel
63%
Mali
63%
Syria
63%
Taiwan
63%
Tasmania
63%
Western Australia
63%
Yemen
63%
Albania
62%
Argentina
62%
Croatia
62%
Guyana
62%
North Macedonia
62%
Oman
62%
Papua New Guinea
62%
Saudi Arabia
62%
Slovakia
62%
Somalia
62%
Uruguay
62%
Vatican City
62%
Afghanistan
61%
Bolivia
61%
Democratic Republic of the Congo
61%
Paraguay
61%
Spain
61%
Suriname
61%
Azerbaijan
60%
Galicia
60%
Georgia
60%
Niger
60%
San Marino
60%
Slovenia
60%
Thailand
60%
United Arab Emirates
60%
Vietnam
60%
Armenia
59%
Belize
59%
Guatemala
59%
Laos
59%
Madagascar
59%
Panama
59%
South Sudan
59%
Alberta
58%
Cambodia
58%
Costa Rica
58%
Honduras
58%
Jordan
58%
Lebanon
58%
Liechtenstein
58%
Nicaragua
58%
Nigeria
58%
Philippines
58%
South Africa
58%
Turkmenistan
58%
Uzbekistan
58%
Yucatan
58%
Cornwall
57%
El Salvador
57%
Isle of Man
57%
Montenegro
57%
Namibia
57%
Qatar
57%
Somaliland
57%
Tanzania
57%
Angola
56%
Inner Mongolia
56%
Jamaica
56%
Luxembourg
56%
Mozambique
56%
Myanmar
56%
Siberia
56%
Tajikistan
56%
Andalusia
55%
Bangladesh
55%
Chad
55%
Guinea
55%
Kenya
55%
Kyrgyzstan
55%
Sri Lanka
55%
Central african republic
54%
Ethiopia
54%
Kaliningrad
54%
Maldives
54%
Senegal
54%
Transnistria
54%
Botswana
53%
Eritrea
53%
Ghana
53%
Lesotho
53%
Pakistan
53%
Tuva
53%
Zambia
53%
Aragon
52%
Cameroon
52%
Ivory Coast
52%
New England
52%
Zimbabwe
52%
Bhutan
51%
eSwatini
51%
Gambia
51%
Kuwait
51%
Liberia
51%
Puerto Rico
51%
Singapore
51%
Togo
51%
Bahamas
50%
Bahrain
50%
Benin
50%
Gabon
50%
Kiribati
50%
Patagonia
50%
Uganda
50%
Castille
49%
Guinea Bissau
49%
Palau
49%
Sierra Leone
49%
South Ossetia
49%
Dominica
48%
Kashmir
48%
Malawi
48%
Mauritius
48%
Northern Cyprus
48%
Seychelles
48%
Brunei
47%
Federated States of Micronesia
47%
Fiji
47%
Samoa
47%
Tonga
47%
Abkhazia
46%
Equatorial Guinea
46%
Nauru
46%
Neo-Confederated States of America
46%
Valencian Country
46%
Burkina Faso
45%
Cape State
45%
Saint Kitts
45%
Trinidad and Tobago
45%
Djibouti
44%
Don Republic
44%
Marshall Islands
44%
Saint Lucia
44%
Saint Vincent and the Grenadines
44%
Antigua and Barbuda
43%
Cascadia
43%
Grenada
43%
Hawai'i
43%
Transylvania
43%
Tuvalu
43%
Venetian Republic
43%
Alsace
42%
East Timor
42%
Karelia
42%
Solomon Islands
42%
Barbados
41%
Vanuatu
41%
Free city of Danzig
40%
Lombardy
40%
Sakha
40%
Balearic Islands
39%
Rapa Nui
39%
Chechnya
37%
Donetsk people's republic
37%
Faroe Islands
37%
Vermont
37%
Khalistan | Punjab
36%
Luhansk people's republic
36%
Sakhalin
36%
French Polynesia
35%
New Caledonia
35%
Åland
34%
Darfur
34%
Guam
34%
Cape Verde
33%
Sao Tome and Principe
32%
Southern Cyprus
31%
Artsakh
30%
Asturias
30%
Canary Islands
30%
Reunion
30%
Malta
29%
Occitania
29%
Sao Paulo
29%
Balochistan
28%
Hong Kong
28%
Frisia
27%
Provence
27%
Shan
27%
West Papua
27%
Bougainville
25%
Guadeloupe
25%
Southern Schleswig
25%
Tatarstan
25%
Bali
24%
Martinique
24%
Tahiti and Moorea
24%
Aceh
23%
East Turkestan
23%
Macau
23%
Aden State | South Arabia
21%
Curacao
21%
Cook Islands
20%
Shanghai
20%
Tigray
20%
Zanzibar
20%
Trieste
18%
Republika Srpska
17%
Sarawak
17%
Assam
16%
Gagauzia
16%
Ainu
15%
Friuli
15%
Johor
15%
Biafra
14%
Cabinda
14%
Catalan Federation
14%
Komi Republic
14%
Ryukyu
14%
Scania
14%
Western Canada
14%
Bashkortostan
13%
Buryatia
13%
Circassia
13%
Kalmykia
13%
Oromia
13%
Sul Federation
13%
Altai confederation
12%
Banat
12%
Kashubia
12%
Mombasa
12%
Sabah
12%
Afar
11%
Bornholm
11%
Ingushetia
11%
Mari El
11%
Wallis
11%
Padania
10%
Assyria
9%
Azawad
9%
Chuvashia
9%
Far Eastern Republic
9%
Katanga
9%
Malaya
9%
Nubia
9%
Udmurtia
9%
Ural Republic
9%
Chuuk
8%
Ingria
8%
Nevis
8%
Torres Strait Islands
8%
Ambazonia
7%
Kivu Union
7%
Kuban
7%
Manipur
7%
Aboriginal Nation (no borders)
6%
Futuna
6%
Khakassia
6%
Mordovia
6%
Avaria
5%
Bioko
5%
Eupen-Malmedy Belgium
5%
Kabylia
5%
Karachay
5%
Karakalpakistan
5%
Lakotah
5%
New Afrika
5%
Rif
5%
Tripura
5%
Agadez
4%
Arakan
4%
Balkaria
4%
Caprivi | Itenge
4%
Casamance
4%
Khanty-Mansi
4%
Kongo | Congo-Bas
4%
Nenetsia
4%
Riau
4%
Rodrigues
4%
Tamil Eelam
4%
Amazonia
3%
Asir
3%
Barotseland
3%
Berberia | Tamazgha
3%
Herzeg-Bosnia
3%
Idel-Ural
3%
Lunda-Tchokwé
3%
Mezzogiorno
3%
Najran
3%
Western Togo
3%
Zulia
3%
Anjouan
2%
Bakassi
2%
Bangsamoro
2%
Bodoland
2%
Dar El Kuti
2%
East Kurdistan
2%
Gambela
2%
Karenni
2%
Kelantan
2%
Patani
2%
Sidama
2%
Sindhudesh
2%
Volkstaat
2%
Wallon Republic
2%
Abazinia
1%
Aghulistan
1%
Al-Ahwaz
1%
Al-Hassa
1%
Banaba
1%
Batwaland
1%
Central Kurdistan
1%
Darginstan
1%
Evenkia
1%
Grande Comore
1%
Jabal Shammar
1%
Kamtapur
1%
Kawthoolei
1%
Kirat
1%
Kokang
1%
Kumykia
1%
Lezgistan
1%
Madhesh
1%
Mahra
1%
Minahasa
1%
Moskitia
1%
Mthwakazi
1%
Murrawarri
1%
Mwali
1%
Nagalim
1%
Niger Delta
1%
Nogaia
1%
Oduduwa
1%
San Andres and Providencia
1%
Santa Cruz Republic
1%
South Congo
1%
South Moluccas
1%
Toubouland
1%
Wallmapu
1%
Western Somalia
1%
Yamalia
1%
Zale'n-gam
1%
Batakia
0%
Kachinland
0%
Karbistan
0%
Kathiri
0%
Lakistan
0%
Loango
0%
Malaita
0%
Nanaia
0%
North Congo
0%
Ogadenia
0%
Qu'aiti
0%
Rahmanland
0%
Rutulstan
0%
Shoria
0%
Tabasaranstan
0%
Terai
0%
Vemerana
0%
Wahidi Balhaf
0%
Zo Asia
0%
No matching quizzes found
Score Distribution
Percent of People with Each Score
Percentile by Number Answered
Your Score History
You have not taken this quiz